LEADER 01807nam a2200361 u 4500 001 000000115794 003 CaOOAMICUS 005 20090522125310.0 008 090522s2008 dcu u000 u eng r 020 $a1-56518-247-2 020 $z978-1-56518-247-9* 040 $aPUL$bita$dLDB 245 00$aKarol Wojtyla's philosophical legacy /$cedited by Nancy Mardas Billias, Agnes B. Curry, George F. McLean. 260 $aWashington, D.C. :$bCouncil for research in values philosophy,$cc2008. 300 $aiv, 352 p. ;$c23 cm. 490 1 $aCultural heritage and contemporary change.$a1, Culture and values ;$v35 504 $aInclude riferimenti bibliografici. 600 04$aIohannes Paulus PP.$bII,$cs.,$d1920-2005.$0(OLS)http://pul/subject/1393 700 1 $aCurry, Agnes B.$0(OLS)http://pul/name/71825 700 1 $aBillias Mardas, Nancy.$0(OLS)http://pul/name/71824 700 1 $aMcLean, George F.,$cO.M.I.$0(OLS)http://pul/name/16537 830 0$aCultural heritage and contemporary change.$n1,$pCulture and values ;$v35.$0(OLS)http://pul/title/145496 850 $aPUL 852 $aPUL$W1$xDP2 Filosofia 3$y112$m100 RVP 1.35$j132687$qDDC 21$B131683$CPULBib$Z2$F131683 $H110546 $82 941 1 $a9 960 $aPapi (1978-2005 : Iohannes Paulus PP. II)$91393 960 $aPapi (1978-2005 : Iohannes Paulus PP. II)$91393 960 $aWojtyla, Karol,$d1920-2005$91393 960 $aGiovanni Paolo$bII,$cpapa, b.,$d1920-2005$91393 996 $6020$z978-1-56518-247-9*$9(OLS)http://pul/number/140767 996 $6020$a1-56518-247-2$9(OLS)http://pul/number/140768 996 $6245$aKarol Wojtyla's philosophical legacy$9(OLS)http://pul/title/145498 996 $6260$aWashington, D.C. :$bCouncil for research in values philosophy$9(OLS)http://pul/publisher/80095 LEADER 01357nam a2200277 i 4500 001 000000108421 003 CaOOAMICUS 005 20071126100219.0 008 071126s2007 it u001 u ita d 040 $aPUU$bita$dfq$dPUL$dLDB 100 1 $aPapale, Claudio.$0(OLS)http://pul/name/66456 245 13$aIl processo penale canonico :$bcommento al codice di diritto canonico libro VII, parte IV /$cClaudio Papale. 260 $aRoma :$bUrbaniana University Press,$c2007. 300 $a239 p. ;$c24 cm. 490 1 $aManuali.$aDiritto (Urbania University Press) ;$v19 504 $aBibliografia (215-222) e indice. 650 04$aDiritto canonico penale.$0(OLS)http://pul/subject/999 650 04$aDiritto processuale canonico.$0(OLS)http://pul/subject/29586 830 0$aManuali.$pDiritto (Urbaniana University Press) ;$v19.$0(OLS)http://pul/title/136432 850 $aPUL 852 $aPUL$W1$xSL Diritto Canonico 3$y77$m262. 94 PAPCL 1$j123560$qDDC 21$q $B122501$CPULBib$Z2$F122501 $H105657 $81 941 1 $a9 960 $aDiritto canonico processuale$929586 960 $aDiritto penale canonico$9999 996 $6245$aIl processo penale canonico :$bcommento al codice di diritto canonico libro VII, parte IV$9(OLS)http://pul/title/136431 996 $6260$aRoma :$bUrbaniana University Press$9(OLS)http://pul/publisher/62281